00293nam a2200121Ia 4500008004100000082001900041100001300060245002900073250000800102260003500110300001000145650001600155150201s1977 xx 000 0 und d a617.69bE1977G aGHAI,O.P aESSENTIALS OF PEDIATRICS a1ST bSAGAR PUBLICATIONaDELHIc1977 a1-391 aPEDODONTICS